Biggest countries bordering the Arabian Gulf or Persian Gulf - Statistics

General Stats
  • This quiz has been taken 18 times
  • The average score is 6 of 7
Answer Stats
Hint Answer % Correct
#2 Iran
100%
#3 Iraq
100%
#6 Qatar
93%
#4 United Arab Emirates
93%
#7 Bahrain
87%
#5 Kuwait
87%
#1 Saudi Arabia
87%
No matching quizzes found
Score Distribution
Percent of People with Each Score
Percentile by Number Answered
Your Score History
You have not taken this quiz